Revue fran©ʹaise de science politique (Record no. 13380)

000 -LEADER
fixed length control field 00460cas a2200157I 4500
022 ## - INTERNATIONAL STANDARD SERIAL NUMBER
ISSN 0035-2950
040 ## - CATALOGING SOURCE
Transcribing agency MUL
082 ## - DEWEY DECIMAL CLASSIFICATION NUMBER
Classification number 361 PRE 2004 A011 Or.
245 00 - TITLE STATEMENT
Title Revue fran©ʹaise de science politique
260 ## - PUBLICATION, DISTRIBUTION, ETC. (IMPRINT)
Place of publication [Paris]
Name of publisher Presses Universitaires de France
300 ## - PHYSICAL DESCRIPTION
Number of Pages v.
Other physical details ill.
Dimensions 24 cm
650 #0 - SUBJECT ADDED ENTRY--TOPICAL TERM
Topical Term Political science
710 2# - ADDED ENTRY--CORPORATE NAME
Corporate name or jurisdiction name as entry element Association fran©ʹaise de science politique
710 2# - ADDED ENTRY--CORPORATE NAME
Corporate name or jurisdiction name as entry element Fondation nationale des sciences politiques
942 ## - ADDED ENTRY ELEMENTS (KOHA)
Koha item type សៀវភៅភាសាអង់គ្លេស
952 ## - LOCATION AND ITEM INFORMATION (KOHA)
Withdrawn status [LOCAL, KOHA] 0
Holdings
Permanent Location Date acquired Koha item type Lost status Shelving location Barcode Current Location Full call number
Library Block A2017-08-25សៀវភៅភាសាអង់គ្លេស A011A21992Library Block A361 PRE 2004 A011 Or.
មជ្ឈមណ្ឌលឯការនៃសាកលវិទ្យាល័យភូមិន្ទកសិកម្មចំការដូង

Powered by Koha